000 01664cam a22003737a 4500
001 12660274
003 ARRUPE
005 20220513080847.0
008 020129s2002 nyua b 001 0 eng d
010 _a 2002265554
020 _a0375701079
035 _a(OCoLC)ocm48788268
040 _aBKL
_cBKL
_dKUT
_dDLC
042 _alccopycat
050 0 0 _aQP360
_b.R37 2002
082 0 0 _a153
_221
100 1 _aRatey, John J.,
_d1948-
_951554
245 1 2 _aA user's guide to the brain :
_bperception, attention, and the four theaters of the brain /
_cJohn J. Ratey.
250 _a1st Vintage Books ed.
260 _aNew York :
_bAbacus,
_c2003.
300 _a404 p. :
_bill. ;
_c21 cm.
500 _aOriginally published in the United States: New York : Pantheon Books, 2001.
504 _aIncludes bibliographical references (p. [381]-384) and index.
505 0 _aDevelopment -- Perception -- Attention and consciousness -- Movement -- Memory -- Emotion -- Language -- The social brain -- The four theaters -- Care and feeding.
650 0 _aNeuropsychology
_vPopular works.
_951555
650 0 _aBrain
_vPopular works.
_951556
700 1 _aGalaburda, Albert M.,
_d1948-
_951557
856 4 2 _3Contributor biographical information
_uhttp://www.loc.gov/catdir/bios/random054/2002265554.html
856 4 1 _3Sample text
_uhttp://www.loc.gov/catdir/samples/random041/2002265554.html
856 4 2 _3Publisher description
_uhttp://www.loc.gov/catdir/description/random042/2002265554.html
906 _a7
_bcbc
_ccopycat
_d2
_encip
_f20
_gy-gencatlg
942 _2lcc
_cMONOGRAPH
999 _c131416
_d131416